Cargando...
Survey of Malayalam Literature
| Autor principal: | |
|---|---|
| Formato: | Printed Book |
| Publicado: |
Bombay
Asia publishing house
1968
|
| LEADER | 00391 a2200121 4500 | ||
|---|---|---|---|
| 999 | |c 213924 |d 213924 | ||
| 082 | |a 894.81209 |b GEO | ||
| 100 | |a George, KM | ||
| 245 | |a Survey of Malayalam Literature | ||
| 260 | |a Bombay |b Asia publishing house |c 1968 | ||
| 300 | |a 345 | ||
| 942 | |c BK | ||
| 952 | |0 0 |1 0 |4 0 |6 894_812090000000000_GEO |7 0 |9 227639 |a GER |b GER |d 2019-10-25 |l 0 |o 894.81209 GEO |p GER05576 |r 2019-10-25 |w 2019-10-25 |y BK | ||